Normal view
MARC view
Entry Personal Name
001 - CONTROL NUMBER
- control field: 11487
003 - CONTROL NUMBER IDENTIFIER
- control field: BD-RjUL
005 - DATE AND TIME OF LATEST TRANSACTION
- control field: 20240206105746.0
008 - FIXED-LENGTH DATA ELEMENTS
- fixed length control field: 240206|| aca||aabn | a|a d
040 ## - CATALOGING SOURCE
- Original cataloging agency: BD-RjUL
- Transcribing agency: BD-RjUL
100 ## - HEADING--PERSONAL NAME
- Personal name: Gwyn, Nell,
- Dates associated with a name: 1650-1687
- General subdivision: Fiction
670 ## - SOURCE DATA FOUND
- Source citation: Work cat.: (BD-RjUL)82971: Bowen, Marjorie, 1888-1952. 11486, Mistress Nell Gwyn :, 1926.